000 00667nam a2200205Ia 4500
003 GCL
008 140319s9999 xx 000 0 ara d
040 _aGCL /
_cGCL
082 0 4 _a345.05
_bع ب
100 1 _aعبدالحكم فودة
245 1 0 _aالبراءة وعدم العقاب فى الدعوى الجنائية /
_cعبدالحكم فودة
260 _a[S.N] :
_bمكتبه النهضه المصريه ،
_c1990
300 _a598 ص
490 _aالكتب القانونية
_v0
650 0 4 _aالقانون
650 0 4 _aالجريمة والمجرمون
650 0 4 _aقانون العقوبات
650 0 4 _aالقضاة
942 _2ddc
_cBK
999 _c54723
_d54723